[Event "Bundesliga 0102"]
[Site "Germany"]
[Date "2002.04.27"]
[Round "14.6"]
[White "Rowson, Jonathan"]
[Black "Ellers, Holger"]
[Result "1-0"]
[WhiteElo "2514"]
[BlackElo "2444"]
[Annotator "Finkel,A"]
[PlyCount "73"]
[EventDate "2001.10.06"]
[EventType "team-tourn"]
[EventRounds "15"]
[EventCountry "GER"]
[SourceTitle "CBM 089"]
[Source "ChessBase"]
[SourceDate "2002.08.12"]
[SourceVersion "1"]
[SourceVersionDate "2002.08.12"]
[SourceQuality "1"]
[WhiteTeam "Solingen"]
[BlackTeam "Wattenscheid"]
[WhiteTeamCountry "GER"]
[BlackTeamCountry "GER"]

1. e4 e6 2. d4 d5 3. Nc3 Nc6 4. Nf3 Nf6 5. e5 Ne4 6. Ne2 f6 7. Ng3 $5 Be7 (7...
f5 $5 8. Nh5 (8. b3 Be7 9. Nh5 g6 10. Nf4 g5 $6 11. Nh5 Kf7 12. Nd2 Qg8 13.
Nxe4 dxe4 14. f3 $16 {Fuellgrabe,T-Thesing,M/Berlin 1995}) (8. c3 Be7 9. h4
Nxg3 10. fxg3 h5 11. Bg5 b6 12. Be2 a5 13. Bxe7 Qxe7 $11 {Mainka,R-Meister,P/
Germany 1991}) 8... g6 9. Nf4 $5 Be7 $13) (7... fxe5 8. dxe5 (8. Bb5 exd4 9.
Nxe4 dxe4 10. Nxd4 Qd5 11. Nxc6 (11. c4 Bb4+ 12. Kf1 Qd6 13. Be3 Bd7 14. Qa4 e5
15. Bxc6 bxc6 16. Ne2 c5 $15 {Hector,J-Rozentalis,E/Malmo 1997}) 11... Qxd1+
12. Kxd1 a6 13. Ba4 Bd7 14. Re1 Bxc6 15. Bxc6+ bxc6 16. Rxe4 $16 {Timman,
J-Thesing,M/NED 2000}) 8... Bd7 9. Be3 Bc5 10. Bxc5 Nxc5 11. Bb5 Qe7 12. Qe2
O-O 13. Bxc6 Bxc6 14. Nd4 Be8 $15 {Gashimov,V-Heberla,B/Artek 2000}) 8. exf6
Nxf6 (8... Bxf6 9. Bd3 O-O $8 10. Nxe4 dxe4 11. Bxe4 Nxd4 12. O-O c6 $1 (12...
e5 13. Nxd4 exd4 14. Qd3 g6 15. Bh6 Rf7 16. Rad1 $16 {Ivanovic,B-Nikolic,S/
Budva 1986}) 13. c3 Nxf3+ 14. Qxf3 e5 15. Be3 $14 {Mokry,K-Reefschlaeger,H/
Malmo 1986}) 9. Bb5 $5 O-O 10. O-O Bd6 11. Re1 Bd7 12. Ng5 $6 {Useless move,
which turns out to be a waste of time.} (12. c3 $5) 12... Re8 13. Nf3 $1 {
It's very important to admit your own errors, so this move deserves an
exclaimation mark.} a6 (13... Ne7 $5 14. Bd3 (14. Bxd7 Qxd7 15. Ne5 Qc8 16. c3
Bxe5 17. Rxe5 Nc6 18. Re2 e5 $14) 14... Nf5 15. c3 c5 16. Nxf5 exf5 17. Rxe8+
Qxe8 18. dxc5 Bxc5 19. Nd4 $14) 14. Bxc6 bxc6 15. b3 {Black has to play c5
sooner or later to get some counterplay so white bishop is very well placed on
b2.} (15. Ne5 $5 c5 16. Bg5 cxd4 17. Qxd4 c5 18. Qh4 Be7 $132) 15... c5 16.
dxc5 Bxc5 17. Bb2 Bb4 18. c3 Bd6 19. c4 c6 $6 (19... dxc4 20. bxc4 Rb8 21. Qc2
Bc6 22. Nd4 Qd7 $132) 20. Qc2 c5 21. cxd5 exd5 22. Ng5 $5 {From now on white
puts enormous pressure on black's position and finally wins a pawn.} Re7 (22...
d4 $2 23. Qc4+ $18) (22... h6 $2 23. Bxf6 Qxf6 24. Qh7+ Kf8 25. Qh8#) 23. Qd3 {
[%csl Rd5]} Bb5 (23... d4 24. Nh5 $1 {[%csl Rh7]} (24. Qc4+ Kf8 $14) 24... Bb5
25. Qf5 $16) 24. Qf3 {[%csl Rf6][%cal Gg3f5]} Bxg3 25. hxg3 Bc6 26. Qc3 $1 $16
{[%csl Rc5]} Ne4 {There is no way to keep the pawn on c5.} (26... Qd6 27. Rxe7
Qxe7 28. Re1 Qa7 29. Ba3 $16) 27. Nxe4 dxe4 28. Rad1 Qe8 29. Rd6 Bb7 30. Qxc5
Rc8 31. Qd4 Qf7 (31... h6 $2 32. Rxh6 gxh6 33. Qh8+ Kf7 34. Qg7+ Ke6 35. Qf6+
Kd7 36. Rd1+ $18) 32. Rd8+ Rxd8 33. Qxd8+ Re8 34. Qd4 h6 35. Qe3 Bc6 36. Rc1
Qd5 $2 {Blundering a piece in the position which is not so simple to win for
white.} (36... Bb7 $16) 37. Qc3 $18 {[%cal Gc3c6,Gc3g7]} 1-0

[Event "Hoogeveen Essent Crown"]
[Site "Hoogeveen"]
[Date "2001.10.14"]
[Round "1"]
[White "Polgar, Judit"]
[Black "Van Wely, Loek"]
[Result "1/2-1/2"]
[WhiteElo "2686"]
[BlackElo "2714"]
[Annotator "Finkel,A"]
[PlyCount "155"]
[EventDate "2001.10.14"]
[EventType "tourn"]
[EventRounds "6"]
[EventCountry "NED"]
[EventCategory "16"]
[SourceTitle "CBM 086"]
[Source "ChessBase"]
[SourceDate "2002.02.05"]
[SourceVersion "1"]
[SourceVersionDate "2002.02.05"]
[SourceQuality "1"]

1. e4 e6 2. d4 d5 3. Nc3 dxe4 4. Nxe4 Nd7 5. Nf3 Ngf6 6. Bd3 c5 7. O-O Nxe4 (
7... cxd4 8. Nxd4 Be7 9. Re1 O-O 10. c3 Nxe4 11. Bxe4 Nf6 12. Bc2 Bd7 13. Qd3
g6 14. Bh6 Re8 15. Qf3 Qb6 16. Bb3 Rad8 17. Re2 Bc6 18. Nxc6 Qxc6 19. Qxc6 bxc6
20. h3 $16 {Yemelin,V-Erendzhenov,S/RUS-ch Elista 1995/1-0 (67)}) 8. Bxe4 Nf6 (
8... Be7 $5 9. Qe2 (9. c4 $5 O-O 10. Re1 Nf6 11. Bc2 cxd4 12. Bg5 h6 13. Bh4 d3
$5 (13... Bc5 14. Qd3 Re8 15. Rad1 $14) 14. Bxd3 Nh5 15. Bxe7 Qxe7 16. Ne5 $14
{Zapata Alonso-Hoffman Alejandro/It (open), Buenos Aires (Argentina) 1996 (38)}
) 9... Qb6 (9... Nf6 $6 10. dxc5 $1 Nxe4 $6 (10... Bxc5 11. Bg5 O-O 12. Rad1
Qb6 13. Bxf6 gxf6 14. c3 $14) 11. Qxe4 Bxc5 12. Qe5 $1 $36 Bf8 13. Re1 Qd6 14.
Qb5+ Qd7 15. Qh5 Qc7 16. Nd4 $16 {Tseshkovsky Vitaly-Doroshkievich Vladimir K/
Tournament, Novorossijsk (Russia) 1995 (38)}) 10. Rd1 O-O 11. c3 Rd8 12. Bc2
Nf8 13. Be3 $14 {Ebeling,M-Kujala,A/FIN-chT 1989 (31)}) 9. Bg5 $5 {Very
popular variation during last couple of years.} cxd4 (9... h6 10. Bxf6 Qxf6 11.
c3 $5 (11. Qd3 $5 $14) 11... Bd6 12. Qa4+ Bd7 (12... Ke7 $5) 13. Qa3 Qe7 14.
dxc5 Bxc5 15. b4 Bb6 16. Bxb7 $16 {Honfi,K-Dolgener,T/Budapest FS09 IM-B 1995/
1-0 (50)}) 10. Nxd4 (10. Qe2 Be7 11. Rad1 Nxe4 (11... Qb6 12. Rxd4 (12. Nxd4
Qxb2 (12... Bd7 13. Bxf6 gxf6 14. Rfe1 Bc5 15. Nb3 Bb4 16. c3 Be7 17. Qh5 $36 {
Kovacevic,A-Kosic,D/YUG 2000/EXT}) 13. Nb5 O-O 14. Nc7 Rb8 15. Bf4 Nxe4 16.
Qxe4 Qxa2 $13) 12... Qxb2 13. Rfd1 O-O 14. Ne5 $44) 12. Rxd4 $1 Qxd4 $6 (12...
Bd7 $142 $5 13. Bxe7 Qxe7 14. Qxe4 Bc6 $11) 13. Nxd4 Nxg5 14. f4 Nh3+ (14...
O-O $5 15. fxg5 Bxg5 16. Nf3 Bd8 $6 17. Qe4 $1 $16 {Rublevsky,S-Zakharevich,I/
Maikop 1998/CBM 66}) 15. gxh3 O-O 16. Qe4 $14 {Morozevich-Zakharevich,Russia,
1997,1-0} (16. Qe4 Bf6 17. Rd1 Rd8 $6 18. Rd3 $1 Rb8 19. Nf3 Bd7 20. Ne5 $16 {
Morozevich,A-Zakharevich,I/Krasnodar 1997/EXT})) 10... Be7 (10... Bc5 11. Nb3 (
11. c3 h6 $5 12. Bxf6 $5 Qxf6 13. Qa4+ Bd7 14. Qc4 Bxd4 15. cxd4 Rc8 16. Qb4
$14 {Rublevsky,S-Christiansen,L/Luzern 1997/CBM 62}) 11... Bd6 12. Bxf6 gxf6
13. Qh5 f5 $13 {Morozevich,A-Zakharevich,I/Novgorod 1997/CBM 60}) (10... h6 11.
Bxf6 Qxf6 12. Qd3 a6 13. Rad1 Be7 14. Nc6 $1 $14 {Ciganikova,A-Rakay,K/SVK
1999/EXT 2000}) 11. Bf3 $5 {[%cal Gf3a8] Keeping the bishop on diagonal a8-h1
looks more logical than} (11. Bd3 O-O 12. c3 Qd5 $1 13. Nf3 Rd8 14. Bc2 Qxd1
15. Raxd1 Bd7 $11 {Pandavos,P-Ellison,D/Balatonbereny op 1992}) 11... O-O 12.
Re1 (12. c3 e5 13. Nc2 h6 14. Bxf6 Bxf6 15. Ne3 Rb8 $11) 12... Qb6 13. Nb3 Rd8
14. Qe2 Bd7 15. Bd2 $5 {[%cal Gd2a5]} Bb4 {Black must play this move first:} (
15... a5 $6 16. Qe5 $1 {[%csl Ra5]} Bb4 (16... Bd6 $2 17. Bxa5 Bxe5 18. Bxb6
Bxb2 19. Rab1 Bc3 20. Bxd8 $18) (16... a4 17. Ba5 Rxa5 18. Qxa5 Qxa5 19. Nxa5
$18) 17. Be3 Qa6 18. Nc5 Bxc5 19. Bxc5 $14) 16. c3 Bd6 {[%csl Ge5]} 17. c4 $5
a5 18. Rac1 $5 {Starting extremly interesting complications.} (18. c5 $2 Bxc5
19. Nxc5 Qxc5 20. Bxb7 Rab8 {[%csl Rb2]} 21. Be3 Qb4 22. Bf3 Qxb2 $17) (18. Bc3
Qc7 19. h3 Bc6 $13) 18... a4 19. c5 Bxh2+ 20. Kh1 $5 ({Not perfectly clear is} 
20. Kxh2 Qc7+ 21. Kg1 (21. Qe5 Qxe5+ 22. Rxe5 axb3 23. axb3 Bc6 $15 {[%cal
Gd8d2]}) 21... axb3 22. axb3 Bc6 23. Bg5 $13) 20... Qc7 21. Na5 (21. Ba5 $2 Qf4
22. Bxd8 Rxd8 $1 (22... Qh6 $2 {[%cal Gh6h1]} 23. Bxf6 Bf4+ 24. Bh5 axb3 25.
Rcd1 Qxf6 26. g3 Bc6+ 27. Kg1 $16) 23. g3 Qh6 24. Qe3 g5 25. Kg2 e5 $19 {
[%cal Gh6h3]}) 21... Bb5 $1 {Great defensive resourse! After this move black
siezes the initiative.} 22. Qxb5 Rxd2 23. Nc4 $8 (23. Qxb7 $2 Rxa5 $19) (23.
Nxb7 Rxf2 24. Nd6 Rb8 $17) 23... Rxf2 24. Qxb7 Rb8 $1 {Another great move from
black's side.} 25. Qxc7 (25. Qc6 $6 Qf4 $1 {[%cal Gf4h4]} 26. Qd6 $8 Qxc1 $1
27. Qxb8+ Bxb8 28. Rxc1 a3 $1 $15) 25... Bxc7 26. Kg1 Bg3 27. c6 (27. Red1 $5
a3 {[%cal Gf2a2]} 28. b4 $6 g5 $1 (28... Rxa2 $6 29. Na5 g5 30. Nc6 Re8 31. Ra1
$44 {[%csl Ra3]}) 29. Nb6 Rxa2 $19) 27... Ne8 28. Red1 a3 29. bxa3 Rxa2 30. Rd7
g6 $5 31. Rb7 Rd8 32. Rd7 Rc8 33. Rb7 (33. Nb6 $4 Bf2+ $19 {[%cal Gf2g1,Gf2b6]}
) 33... Rd8 34. Rd7 Rc8 35. Rf1 Nf6 {Black is a pawn up, but strong passed
pawn on c6 makes black's task extremly difficult.} 36. Rb7 Rc7 (36... Nd5 $5
37. Bd1 Rxc6 38. Bb3 Re2 39. Rbxf7 g5 $15 {[%cal Gd5f4]}) 37. Rd1 Kg7 $6 {
Black keeps winning chanses after the move in the game as well,but better was}
(37... Nd5 $5 38. Bxd5 (38. Rxc7 Bxc7 39. Bxd5 exd5 40. Rxd5 Bg3 $17) 38...
exd5 39. Rxc7 Bxc7 40. Rxd5 Bg3 $17 {[%csl Rg1]}) 38. Nd6 Bxd6 39. Rxd6 Rc8 (
39... Rxb7 $4 40. cxb7 Rb2 41. Rd8 $18) 40. Rxe6 Rxa3 41. Ree7 Rf8 42. Kf2 Rc3
43. Rb5 Ra8 44. Rbb7 Rf8 45. Rb5 Re8 (45... h5 $5) 46. Rxe8 Nxe8 47. Ke2 Nd6
48. Rb1 Kf6 49. Kd2 Rc5 50. Kd3 Nb5 51. Bg4 Nc7 (51... Ke5 $2 52. Rxb5 $1 Rxb5
53. c7 Rc5 54. c8=Q Rxc8 55. Bxc8 Kf4 56. Ke2 Kg3 $11) 52. Bd7 Ke7 53. Rb8 h5
54. Rc8 Nb5 55. Re8+ Kd6 56. Rf8 Ke7 57. Re8+ Kf6 58. Rb8 Nd6 59. Rb1 Ke7 60.
Rb8 Rg5 61. Rb2 Kd8 62. Kd4 Kc7 63. Ra2 Nb5+ (63... h4 $5) 64. Ke3 Re5+ 65. Kd3
Kd6 66. Kc4 Rc5+ 67. Kd3 Nc7 68. Ke4 Re5+ $6 (68... Nd5 $5 69. Rd2 f5+ 70. Kf3
Ke5 71. Re2+ Kf6 $17) 69. Kf3 g5 70. Rb2 Nb5 71. Kf2 Rd5 72. Be8 Rf5+ 73. Kg3
Ke7 74. Re2+ Kf6 75. Rd2 Ke7 76. Re2+ Kd6 77. Rd2+ Ke7 78. Re2+ 1/2-1/2

[Event "Pamplona 14th"]
[Site "Pamplona"]
[Date "2004.12.23"]
[Round "2"]
[White "Sutovsky, Emil"]
[Black "De la Riva Aguado, Oscar"]
[Result "1/2-1/2"]
[WhiteElo "2697"]
[BlackElo "2528"]
[Annotator "Finkel,A"]
[PlyCount "108"]
[EventDate "2004.12.22"]
[EventType "tourn"]
[EventRounds "7"]
[EventCountry "ESP"]
[EventCategory "16"]
[SourceTitle "CBM 105"]
[Source "ChessBase"]
[SourceDate "2005.04.11"]
[SourceVersion "1"]
[SourceVersionDate "2005.04.11"]
[SourceQuality "1"]

1. e4 e6 2. d4 d5 3. Nc3 Nf6 4. Bg5 dxe4 5. Nxe4 Nbd7 6. Nf3 h6 7. Nxf6+ Nxf6
8. Bh4 c5 (8... Be7 9. Bd3 c5 10. Qe2 Qa5+ 11. c3 O-O (11... cxd4 $5 12. Nxd4
Bd7 13. O-O Qh5 $5 14. Qxh5 Nxh5 15. Bxe7 Kxe7 16. f4 g6 $11 {Short,
N-Kortschnoj,V/Manila izt 1990}) 12. Ne5 $2 cxd4 13. O-O dxc3 14. Bxf6 Bxf6 15.
Qe4 Rd8 $17 {Borst,J-Bosboom,M/NLD-ch sf 1995}) 9. Bd3 (9. Bxf6 gxf6 10. Be2
cxd4 11. Nxd4 Bc5 12. Nb3 Qxd1+ 13. Rxd1 Bb6 14. Bf3 Rb8 15. O-O Bd7 $11 {
Huebner,R-Rivas Pastor,M/Manila 1992/TD}) (9. c3 cxd4 10. Nxd4 Be7 11. Bb5+ Bd7
12. Qb3 Bxb5 13. Qxb5+ Qd7 14. Qxd7+ Nxd7 15. Bxe7 Kxe7 16. O-O-O Rhc8 17. Rhe1
{1/2-1/2 Sax,G-Psakhis,L/Manila 1992/TD (17)}) (9. Bc4 cxd4 10. Qxd4 Qxd4 11.
Nxd4 a6 12. a4 Bd7 13. f3 Rc8 14. Bb3 Bc5 15. O-O-O Rd8 16. Rd3 $14 {Dutreeuw,
M-Arkhipov,S/Miskolc 1990}) (9. dxc5 Qa5+ (9... Qxd1+ 10. Rxd1 Bxc5 11. Be2 Ke7
12. Ne5 g5 13. Bg3 Ne4 14. Bh5 Rf8 15. Bf3 $14 {Vallejo Pons,F-Kaminski,M/
WchJM-U18 1995}) 10. Qd2 Qxd2+ 11. Nxd2 Bxc5 12. O-O-O O-O 13. Bxf6 gxf6 14.
Ne4 Be7 15. Be2 f5 16. Nd6 Rd8 $11 {Toth,A-Borcsok,L/HUN 1995}) (9. Be2 Be7 10.
O-O O-O 11. c3 Qb6 12. Qc2 Rd8 13. Rfd1 Bd7 14. a4 Rac8 $132 {Mirumian,
V-Zifroni,D/EUchJM-U18 1994}) 9... cxd4 10. O-O (10. Nxd4 Bc5 11. Nf3 O-O 12.
O-O b6 13. Qe2 Bb7 14. Rad1 Qc7 15. Ne5 Rfd8 16. Kh1 Rd4 17. f4 $36 {Fedorchuk,
S-Mirzoev,A/Calicut 1998/CBM 67}) 10... Be7 11. Nxd4 O-O 12. c3 {After the
move in the game blak trades the darksquared bishops reducing white's
potential to fight for the advantage.} (12. Re1 $5 Nd5 13. Bxe7 Qxe7 14. Qf3 (
14. c3 b6 $11 (14... Qc7 $5 15. a4 $5 Bd7 16. a5 Rad8 17. Qb3 a6 18. Be4 $14 {
Kovacevic,A-Antic,D/Banja Koviljaca 2002}) (14... Rd8 15. Qf3 Nf6 16. Rad1 Qc7
$11) 15. Be4 Bb7 16. Qf3 Qc7 17. b3 Rab8 18. c4 Nf6 19. Bxb7 Qxb7 20. Qxb7 Rxb7
$11 {Spangenberg,H-Gomez Baillo,J/Buenos Aires 1998}) 14... Qb4 15. Nb3 a5 16.
a3 Qb6 17. Qe4 Nf6 18. Qe5 Rd8 19. Nd2 Rd5 20. Nc4 Qc5 21. Qe2 b6 $11 {Klovans,
J-Haub,T/Germany 1999}) (12. Bg3 Bd7 13. c3 (13. Qe2 Qb6 14. Be5 Bd6 15. Bxd6
Qxd6 16. Rad1 Rad8 17. c3 Qf4 18. Rfe1 Rfe8 $11 {Areshchenko,A-Alexandrova,O/
Alushta 2002}) 13... Qb6 14. Qe2 Bd6 15. f4 $5 Qc5 16. Rae1 Rae8 17. Kh1 b6 18.
h3 $1 $14 {Ponomariov,R-Psakhis,L/Ohrid 2001}) 12... Nd5 (12... e5 $5 13. Nf5
Bxf5 14. Bxf5 g6 15. Bc2 Nh5 16. Qxd8 Bxd8 17. Bxd8 Raxd8 18. Rfd1 {1/2-1/2
Arnold,L-Pachman,L/Germany 1995/GER-chT2 (18)}) 13. Bg3 Bd6 $5 14. Qe2 Bxg3 (
14... a6 15. Rad1 Qc7 16. Bxd6 (16. Bb1 Bxg3 17. hxg3 Nf6 18. Nf3 b5 19. Rd4
Bb7 20. Rfd1 Rad8 21. Qe3 $14 {Wegener,D-Plesec,D/Budapest 1993}) 16... Qxd6
17. Bb1 Qc7 18. Nf3 Nf6 19. Rd4 b6 20. Ne5 $14 {Skripchenko Lautier,
A-Lomineishvili,M/Kishinev 1995/EXT 97}) 15. hxg3 $6 {It's very strange that
such a great attacking player as Sutovsky opts for such a harmless
continuation, since after less obvious} (15. fxg3 $5 {[%csl Rg8][%cal Ge2e4]
it's not easy for black to neutralize white's threats.} Qg5 (15... Re8 $6 16.
Qe4 Nf6 (16... g6 17. Qf3 Qe7 18. Rae1 Bd7 19. Be4 $16) 17. Rxf6 Qxf6 (17...
gxf6 18. Qh7+ Kf8 19. Bb5 $1 Bd7 20. Re1 Bxb5 21. Nf5 $1) 18. Qh7+ Kf8 19. Rf1
Qg5 20. Bg6 $16) 16. Rae1 Nf6 (16... Bd7 $2 17. Qe4 g6 18. Nf3 Qd8 19. Ne5 $40
{[%csl Rg6]}) 17. b4 {[%csl Gc5][%cal Gd4f3]} Bd7 18. Nf3 Qh5 19. Qe3 $36)
15... Qc7 16. f4 Bd7 17. Rae1 Rad8 18. Bc2 (18. Bb1 {[%csl Gb2]} g6 19. Qf2 {
[%cal Gg3g4,Gf4f5]} Nf6 20. Qf3 Bc6 $13) 18... g6 {The darksquared bishop's
gone so there is no reason for black to suspect from weakening square f6.} 19.
Qd2 Qb6 $1 {[%cal Gd5e7,Ge7f5,Gd7b5]} 20. Bb3 Ne7 21. Kh2 $6 {Emil is
desperately looking for complications hoping to outcalculate his opponent.} (
21. Qe3 {[%cal Gg3g4,Gf4f5]} Nc6 22. Nxc6 Qxe3+ 23. Rxe3 Bxc6 24. g4 Rd2 25.
Rf2 Rfd8 $132) 21... Bb5 $1 22. f5 $8 {A signal for an attack.} (22. Rf2 Nf5
23. Rd1 Rd7 $17) 22... Nxf5 $5 {Black doesn't want to take any risks, even
though after more ambitious} (22... Bxf1 $5 23. fxe6 (23. f6 Nf5 24. Rxf1 Kh7
$19) 23... f5 (23... Ba6 $2 24. exf7+ Kh7 25. Rxe7 $16) 24. Rxf1 Kg7 25. Qf4
Qc5 $15 {black is clearly better.}) 23. Rxf5 exf5 24. Qxh6 Rxd4 $8 {The knight
has to be eliminated!} (24... Rfe8 $2 25. Ne6 $1 {[%csl Rg8]} Rxe6 26. Bxe6
fxe6 27. Qxg6+ Kf8 28. Rxe6 $18) 25. cxd4 Re8 26. Rxe8+ ({The last chance to
play on was} 26. Rc1 $5 Bd7 27. Rc5 Be6 28. Re5 Qd6 29. Qe3 Kg7 30. Kg1 (30. d5
$2 Kf6 $1 31. dxe6 Qxe5 32. Qxe5+ Kxe5 33. exf7 Rf8 $17) 30... Kf6 $13) 26...
Bxe8 27. Qf4 {[%csl Gd6]} Qf6 $11 {Now the draw is inevitable.} 28. Bd5 (28. d5
Qxb2 29. Qb8 Qh8+ 30. Kg1 Qd4+ $11) 28... b6 29. Kg1 g5 30. Qe3 Kf8 31. Kf2 Qe7
32. Qe5 (32. Bf3 Qxe3+ 33. Kxe3 Ke7 $11) 32... Qxe5 33. dxe5 Ke7 34. Ke3 Bb5
35. Kd4 a5 36. a3 Bd7 37. b4 axb4 38. axb4 Bb5 39. Bb7 Bf1 40. Bc8 Bxg2 41.
Bxf5 Bb7 42. Be4 Bc8 (42... Bxe4 $4 43. Kxe4 Ke6 44. g4 b5 45. Kd4 $18) 43. Bd5
Bh3 44. Bf3 Bc8 45. Bd1 Bb7 46. Bc2 Bc8 47. Ke4 Be6 48. Bd3 Bc8 49. Bc4 Bh3 50.
Ba6 Be6 51. Bd3 Bc8 52. Kd5 Bb7+ 53. Kd4 Bc8 54. Bc2 Bb7 1/2-1/2

[Event "ISR-chT"]
[Site "Israel"]
[Date "2005.05.13"]
[Round "9"]
[White "Finkel, Alexander"]
[Black "Ganor, Dotan"]
[Result "1-0"]
[WhiteElo "2462"]
[BlackElo "2341"]
[Annotator "Finkel,A"]
[PlyCount "145"]
[EventDate "2005.01.08"]
[EventType "team"]
[EventRounds "11"]
[EventCountry "ISR"]
[SourceTitle "CBM 107"]
[Source "ChessBase"]
[SourceDate "2005.08.01"]
[SourceVersion "1"]
[SourceVersionDate "2005.08.01"]
[SourceQuality "1"]

1. e4 e6 2. d4 d5 3. Nc3 Nf6 4. Bg5 dxe4 5. Nxe4 Nbd7 6. Nf3 h6 7. Nxf6+ Nxf6
8. Be3 (8. Bxf6 Qxf6 9. Bb5+ c6 10. Bd3) (8. Bh4 c5 9. Bb5+ Bd7) 8... Nd5 9.
Bd2 (9. Qd2 $5) 9... Bd6 10. Bd3 (10. c4 Nf6 11. Bd3 c5 12. dxc5 Bxc5 13. Qe2
Qe7 14. O-O-O b6 15. Bc2 a6 16. Kb1 Bb7 17. Bc3 O-O $132 {Xu Jun-Zvjaginsev,V/
Moscow 2001}) 10... Nf4 (10... O-O 11. Qe2 c5 12. dxc5 Bxc5 13. O-O-O) 11. Bxf4
(11. Bf1 Nd5 12. c4 Nf6 13. Bd3 c5 14. dxc5 Bxc5 15. Qe2 b6 16. Be4 Nxe4 17.
Qxe4 Bd7 18. O-O-O Rc8 19. Ne5 $14 {Palac,M-Kovacevic,B/Zadar 2001}) 11... Bxf4
12. Qe2 {The arising position is similiar to the line with 8.Bxf6,however
there is a difference: The black queen is better placed on d8 than on f6, but
the bishop is misplaced on f4. In other words the position should be slightly
better for White, but very close to equality.} Qd5 13. c3 O-O 14. g3 $6 {
At this point I was hoping to launch an attack on the g-file, but it proves to
be an illusion. It was better to play} (14. Be4 Qa5 15. g3 Bd6 16. Ne5 Rd8 17.
f4 $14 {with a comfortable advantage.}) 14... Bd6 15. Rg1 $6 (15. Be4) 15...
Bd7 $1 $11 (15... Be7 16. g4 c5 17. Be4 Qd6 18. dxc5 Qxc5 19. O-O-O $36 {
[%cal Gh2h4,Gg4g5]}) 16. Be4 Qb5 (16... Qa5 $5 17. g4 $1 (17. Bxb7 $6 Rab8 18.
Be4 c5 (18... Qb6 $5) 19. Kf1 cxd4 20. Nxd4 Qb6 21. Rb1 f5 $36 {[%csl Rf1]
[%cal Ge6e5]}) 17... Bf4 18. g5 hxg5 19. Ne5 $40 {[%cal Ge2h5]}) 17. Bd3 {
I realised that I can't win a pawn on b7, so I had to switch to an alternative
plan.} (17. Qxb5 Bxb5 18. Bxb7 Rab8 19. Be4 f5 20. Bc2 Bc6 21. Nd2 Rxb2 22. Bb3
Bd5 $132 23. c4 Bb4 $1) (17. Ne5 Qxe2+ 18. Kxe2 Bxe5 19. dxe5 Rab8 20. Rgd1
Rfd8 $11 {[%cal Gg8f8,Gf8e7,Gb7b6,Gd7e8]}) 17... Qd5 18. Nd2 (18. Ne5 Bxe5 19.
Qxe5 Qxe5+ 20. dxe5 Bc6 $11) 18... e5 ({There was an interesting possibility
for Black to complicate the position after} 18... c5 $5 19. Be4 Qg5 20. Bxb7
Rab8 21. Ne4 Qe7 22. Qa6 Bb5 23. Qxd6 Qxb7 24. Nxc5 Qf3 25. Qe5 Bc4 $132) 19.
Be4 Qe6 20. d5 Qe7 21. g4 $1 {[%csl Gf5]} Rac8 $6 {By preparing the trade of
the light-squared bishop black is playing into White's hands.} (21... Rab8 22.
O-O-O g6 (22... b5 23. Kb1 b4 24. c4 a5 25. Nf3 a4 26. h4 Rfe8 $132) 23. Nf3
Kh7 24. g5 hxg5 (24... h5 $6 25. Nd2 $14 {[%csl Rf6][%cal Ge4c2,Gd2e4]}) 25.
Nxg5+ Kg7 26. h4 Rh8 $13) 22. O-O-O c6 23. Kb1 cxd5 24. Bxd5 Bc6 (24... Ba4 $6
25. b3 Bc6 {[%csl Rc3]} 26. Ne4 Rfd8 27. g5 $36) 25. Ne4 Bxd5 26. Rxd5 Rfd8 27.
h4 $5 {I could've won a pawn on e5, but preferred to keep the pressure hoping
that my attacking chances on the h-file would cost a pawn.} (27. g5 $5 hxg5 28.
Nxd6 Rxd6 29. Rxe5 Re6 (29... Qd7 30. Rexg5 g6 31. h4 $16) 30. Rxe6 Qxe6 31.
Qxe6 fxe6 32. Rxg5 Rf8 33. Rg2 Rf3 34. Kc2 $16) (27. Nxd6 Rxd6 28. Rxe5 Qd7 29.
Re7 Qc6 30. g5 $14) 27... Bc7 28. Rxd8+ Rxd8 29. g5 hxg5 30. hxg5 Qe6 $6 (30...
Qd7 $5 {[%cal Gd7d3]} 31. Ka1 $1 Qd3 32. Qg4 g6 33. Rh1 $16) 31. a3 Qg6 32. Rh1
$1 {Setting up a nice trap.} Rd2 (32... b5 33. f3 a6 34. Qh2 Kf8 35. Ka1 a5 $14
) 33. Qg4 f5 $2 (33... Rd8) 34. Nf6+ $1 $18 {[%cal Gg4c4] Winning by force.}
gxf6 (34... Qxf6 35. Qc4+ Qf7 36. Rh8+ $18) (34... Kf8 35. Qb4+ Kf7 36. Qc4+
$18) 35. Qc4+ Kf8 36. Qxc7 f4+ 37. Ka1 Qg7 (37... Kg8 38. Qc8+ Kf7 39. Rh8 Rd1+
40. Ka2 Qb1+ 41. Kb3 $18) {From now on we were in the severe time-scramble so
the number of mistakes is quite big even for myself!} 38. Qc8+ $6 (38. Rh8+ $1
Qxh8 39. Qc8+ Kg7 40. gxf6+ Kh7 41. Qh3+ Kg8 42. f7+ $18) 38... Ke7 39. Qxb7+ (
39. Rh8 Rd7 40. Re8+ Kd6 41. Qc4 Qf7 42. Qb4+ Kc6 43. Rc8+ Rc7 44. Rf8 $18)
39... Rd7 40. Qe4 Ke6 41. Qc6+ (41. g6) 41... Rd6 42. Qe8+ Qe7 43. Qc8+ $6 Qd7
$16 44. Qc4+ $6 (44. Qg8+) 44... Kf5 45. gxf6 Rd1+ 46. Rxd1 Qxd1+ 47. Ka2 Kxf6
48. Qc6+ Kf5 49. f3 Qe2 $6 (49... Qd3 $1 $14 {[%csl Gd5]}) 50. Qd5 $1 Kg5 51.
c4 Kh4 52. c5 e4 53. c6 $5 (53. fxe4 f3 54. c6 f2 (54... Qc2 55. e5 f2 56. Qf7
Kg3 57. c7 $18) 55. c7 Qc2 56. Qd8+ $18) 53... exf3 54. c7 f2 55. c8=Q f1=Q 56.
Qdd8+ $2 (56. Qh8+ Kg3 57. Qg5+ Kf3 (57... Qg4 58. Qhh4+ $18) 58. Qhh5+ Ke3 59.
Qc5+ Kd2 60. Qc3+ $18) 56... Kg3 57. Qc3+ $6 (57. Qg5+ $1 Kf3 (57... Kh2 58.
Qh8+ Qh3 59. Qxf4+ $18) 58. Qc6+ Qe4 59. Qh5+ Ke3 60. Qhc5+ Kf3 61. Qc3+ $18)
57... Kf2 58. Qh4+ Kg1 59. Qd4+ Qef2 60. Qhxf4 $18 Qxd4 61. Qxd4+ Kg2 62. Qg7+
Kh3 63. Qd7+ Kg3 64. Kb3 a6 65. Qd6+ Kg2 66. Qd5+ Kh2 67. Qe5+ Kg2 68. Qd5+ Kh2
69. a4 (69. Ka4 $5) 69... Qe2 $2 70. Qd6+ Kg1 71. Qc5+ Kh1 72. Qc1+ Kg2 73. Qc2
1-0